La Révolution d'octobre : (recueil d'articles et discours) / J. Staline (recueil d'articles et discours) / J. Staline
Descripción Física:
173 p. ; 23 cm
Colección:
Bibliothèque marxiste ; 17
Materias:
Rússia -- Història -- S. XX
MARC
| LEADER | 00000nam a2200000Ia 4500 | ||
|---|---|---|---|
| 001 | 809 | ||
| 008 | 160829s1934 xx 000 0 cat d | ||
| 080 | |a H-1-123 | ||
| 100 | |a Stalin, Iosif |9 25469 | ||
| 245 | |a La Révolution d'octobre : |b (recueil d'articles et discours) / J. Staline | ||
| 260 | |a Paris : |b Éditions sociales internationales, |c 1934 | ||
| 300 | |a 173 p. ; |c 23 cm | ||
| 490 | |a Bibliothèque marxiste ; 17 | ||
| 650 | |a Rússia |x Història |x S. XX |9 25470 | ||
| 901 | |a Arxiu | ||
| 942 | |n 1 | ||
| 952 | |0 0 |1 0 |4 0 |6 H1123 |7 1 |9 43630 |a Arxiu |b Arxiu |d 2016-12-01 |l 0 |o H-1-123 |p 809 |r 2016-12-01 00:00:00 |w 2016-12-01 |y ARXIU | ||
| 999 | |c 46178 |d 46178 | ||